01047cam a22003011 4500001001300000003000400013005001700017008004100034010001700075035001900092040003700111041001800148042001200166050001900178082000800197100002600205240003400231245006800265260004700333300002500380440003200405546004100437500012200478504002500600650003100625700005700656700003200713med47000065 DLC20260227111557.0750904s1947 enk b 000 0 eng  amed47000065  a(OCoLC)1598634 aDLCcFMUdOCoLCdDCHSdWU-MdDLC1 aengagrchgrc apremarc00aR126b.A5 1947 a6100 aAnonymus Londinensis.10aDe medicina.lEnglish & Greek14aThe medical writings of Anonymus Londinensis,cby W.H.S. Jones. aCambridge [Eng.]bUniversity Press,c1947. aviii, 168 p.c22 cm. 0aCambridge classical studies aGreek and English on opposite pages. a"The text of the editio princeps, published ... by Herman Diels in 1803, has been reprinted with only a few changes." aBibliography: p. 21. 0aMedicine, Greek and Roman.1 aJones, W. H. S.q(William Henry Samuel),d1876-1963.1 aDiels, Hermann,d1848-1922.